Right or Wrong Author? Quiz Stats

 Plays Quiz Updated Jun 17, 2018

Score 0/25 Timer 03:00
0 Plays Today
Question Answer Wrong Answers
King Lear
by William Shakespeare
Right
93.8%
Wrong
2.5%
Frankenstein
by Patti Smith
Wrong
93.3%
Right
3.1%
To Kill a Mockingbird
by Sylvia Plath
Wrong
92.8%
Right
3.6%
David Copperfield
by Charles Dickens
Right
92.4%
Wrong
3.9%
Twenty Thousand Leagues Under the Sea
by Jules Verne
Right
91.7%
Wrong
4.7%
Treasure Island
by Robert Louis Stevenson
Right
90.8%
Wrong
5.6%
Emma
by Jane Austen
Right
90.2%
Wrong
6.2%
Robinson Crusoe
by John Steinbeck
Wrong
89.6%
Right
6.9%
Little Women
by Louisa May Alcott
Right
89.5%
Wrong
6.8%
The Scarlet Letter
by Neil Gaiman
Wrong
88.4%
Right
7.8%
For Whom the Bell Tolls
by Ernest Hemingway
Right
88.4%
Wrong
7.9%
The Count of Monte Cristo
by Bram Stoker
Wrong
88.1%
Right
8.2%
Brave New World
by Aldous Huxley
Right
87.3%
Wrong
9%
The Fellowship of the Ring
by C. S. Lewis
Wrong
86.4%
Right
10.1%
The Tempest
by Herodianius
Wrong
86.1%
Right
10.1%
Lord of the Flies
by J. D. Salinger
Wrong
83.4%
Right
13.1%
Gone With the Wind
by Margaret Mitchell
Right
80.6%
Wrong
15.7%
The Call of the Wild
by Jack Whyte
Wrong
77.1%
Right
19.3%
Paradise Lost
by James Joyce
Wrong
69.5%
Right
26.7%
Things Fall Apart
by Chinua Achebe
Right
67.2%
Wrong
28.8%
Charlotte's Web
by E. L. James
Wrong
66.8%
Right
29.7%
The Magic Mountain
by Thomas Mann
Right
62.2%
Wrong
33.9%
The Castle
by Franz Kafka
Right
56.3%
Wrong
39.8%
The Waves
by Virginia Woolf
Right
47.2%
Wrong
49.1%
The Possessed
by Fyodor Dostoevsky
Right
44.3%
Wrong
52%

You're not logged in!

Compare scores with friends on all Sporcle quizzes.
OR
Log In

Sporcle TV

Today on Sporcle TV


Watch our educational content, quiz creation guides, and fun videos on Sporcle TV.

Show Comments

Extras

Top Quizzes Today


Score Distribution

Your Account Isn't Verified!

In order to create a playlist on Sporcle, you need to verify the email address you used during registration. Go to your Sporcle Settings to finish the process.

Report this User

Report this user for behavior that violates our Community Guidelines.

Details: